Gandhian Satyagraha and his champaran movement / (Record no. 18727)

MARC details
000 -LEADER
fixed length control field 01172nam a22002897a 4500
008 - FIXED-LENGTH DATA ELEMENTS--GENERAL INFORMATION
fixed length control field 081119t xxu||||| |||| 00| 0 eng d
010 ## - LCCN (DPL NO)
LC control number ENG-91678
020 ## - INTERNATIONAL STANDARD BOOK NUMBER
International Standard Book Number 9788184550900
Terms of availability 550.00
035 ## - SYSTEM CONTROL NUMBER
System control number EN-75211
037 ## - SOURCE OF ACQUISITION
Source of stock number/acquisition DBAD / PUB
040 ## - CATALOGING SOURCE
Original cataloging agency dpl
Language of cataloging English
082 ## - DEWEY DECIMAL CLASSIFICATION NUMBER
Classification number 954.0841
100 ## - MAIN ENTRY--PERSONAL NAME
Personal name Shukla, S.K.
245 ## - TITLE STATEMENT
Title Gandhian Satyagraha and his champaran movement /
Statement of responsibility, etc by S.K. Shukla
260 ## - PUBLICATION, DISTRIBUTION, ETC. (IMPRINT)
Place of publication, distribution, etc New Delhi
Name of publisher, distributor, etc Omega Publications
Date of publication, distribution, etc 2008
270 ## - ADDRESS
Address 4398/5, Ansari Road, Daryaganj,
City New Delhi
Postal code 110002
300 ## - PHYSICAL DESCRIPTION
Extent 206p.
Dimensions 22cm (Hb)
500 ## - GENERAL NOTE
General note Includes bibliographical references and index
600 ## - SUBJECT ADDED ENTRY--PERSONAL NAME
Personal name Gandhi, Mahatma, 1869-1948
650 ## - SUBJECT ADDED ENTRY--TOPICAL TERM
Topical term or geographic name as entry element Passive resistance.
Geographic subdivision India
-- Champaran
650 ## - SUBJECT ADDED ENTRY--TOPICAL TERM
Topical term or geographic name as entry element Peasantry
Geographic subdivision India
-- Champaran
General subdivision Political activity.
650 ## - SUBJECT ADDED ENTRY--TOPICAL TERM
Topical term or geographic name as entry element Indigo industry
Geographic subdivision India
-- Champaran
650 ## - SUBJECT ADDED ENTRY--TOPICAL TERM
Topical term or geographic name as entry element Peasant uprisings
Geographic subdivision India
-- Champaran
651 ## - SUBJECT ADDED ENTRY--GEOGRAPHIC NAME
Geographic name Champaran (India)
General subdivision Politics and government
942 ## - ADDED ENTRY ELEMENTS (KOHA)
Source of classification or shelving scheme Dewey Decimal Classification
Item type English Books
Call number suffix SHU
Classification part 954.0841
Holdings
Withdrawn status Lost status Source of classification or shelving scheme Damaged status Not for loan Collection code Home library Current library Date acquired Source of acquisition Cost, normal purchase price Total Checkouts Full call number Barcode Date last seen Copy number Cost, replacement price Koha item type
    Dewey Decimal Classification   Not For Loan Non-fiction D.B.Act.Division D.B.Act.Division 19/11/2008 DBAD / PUB 550.00   954.0841 SHU EN-75211 19/11/2008 1 550.00 English Books

© Delhi Public Library
Hit Counter
free hit counter